000 00514nam a2200181Ia 4500
005 20250508161811.0
008 008 250505s9999 xx 000 0 eng d
037 _aTextual
040 _aFEDL
_beng
_cFEDL
041 _aeng
_2eng
084 _a371.76, LER
_qFEDL
100 _aLerrigo Marion O
_9771583
245 0 _aWhat's happening to me?
260 _aLondon, UK
_bWilliam Heinemann Medical Book Limited
_c1958
300 _a63p.
942 _cTEXL
_h371.76, LER
999 _c1372280
_d1372280